<?xml version="1.0" encoding="UTF-8"?>
<record
    xmlns:xsi="http://www.w3.org/2001/XMLSchema-instance"
    xsi:schemaLocation="http://www.loc.gov/MARC21/slim http://www.loc.gov/standards/marcxml/schema/MARC21slim.xsd"
    xmlns="http://www.loc.gov/MARC21/slim">

  <leader>00752nam a22002417a 4500</leader>
  <controlfield tag="003">OSt</controlfield>
  <controlfield tag="005">20220303150905.0</controlfield>
  <controlfield tag="008">151001b        xxu||||| |||| 00| 0 eng d</controlfield>
  <datafield tag="040" ind1=" " ind2=" ">
    <subfield code="c">WIUC</subfield>
  </datafield>
  <datafield tag="050" ind1=" " ind2=" ">
    <subfield code="a">RG524.C97</subfield>
  </datafield>
  <datafield tag="082" ind1=" " ind2=" ">
    <subfield code="2"> </subfield>
  </datafield>
  <datafield tag="245" ind1=" " ind2=" ">
    <subfield code="a">Curriculum for the Registered Midwifery programme: based on the semester course unit system. /</subfield>
  </datafield>
  <datafield tag="250" ind1=" " ind2=" ">
    <subfield code="a">October 2015</subfield>
  </datafield>
  <datafield tag="260" ind1=" " ind2=" ">
    <subfield code="a">Accra-Ghana:</subfield>
    <subfield code="b">Nursing &amp; Midwifery Council Ghana,</subfield>
    <subfield code="c">2015.</subfield>
  </datafield>
  <datafield tag="300" ind1=" " ind2=" ">
    <subfield code="a">xxvi, 80 p. :</subfield>
  </datafield>
  <datafield tag="500" ind1=" " ind2=" ">
    <subfield code="a">Includes list of recommended textbooks and journals.</subfield>
  </datafield>
  <datafield tag="505" ind1=" " ind2=" ">
    <subfield code="a">Contents: </subfield>
  </datafield>
  <datafield tag="650" ind1=" " ind2=" ">
    <subfield code="a">Midwifery 	</subfield>
  </datafield>
  <datafield tag="650" ind1=" " ind2=" ">
    <subfield code="a">Maternal health services -- Developing countries 	</subfield>
  </datafield>
  <datafield tag="650" ind1=" " ind2=" ">
    <subfield code="a">Obstetricia</subfield>
  </datafield>
  <datafield tag="710" ind1=" " ind2=" ">
    <subfield code="b">Nursing &amp; Midwifery Council Ghana</subfield>
  </datafield>
  <datafield tag="942" ind1=" " ind2=" ">
    <subfield code="2">lcc</subfield>
    <subfield code="c">BK</subfield>
  </datafield>
  <datafield tag="999" ind1=" " ind2=" ">
    <subfield code="c">8888</subfield>
    <subfield code="d">16388</subfield>
  </datafield>
  <datafield tag="952" ind1=" " ind2=" ">
    <subfield code="0">0</subfield>
    <subfield code="1">0</subfield>
    <subfield code="2">lcc</subfield>
    <subfield code="4">0</subfield>
    <subfield code="7">0</subfield>
    <subfield code="a">WIUC-KL</subfield>
    <subfield code="b">WIUC-KL</subfield>
    <subfield code="c">NURS L.</subfield>
    <subfield code="d">2022-02-08</subfield>
    <subfield code="h">NMC/RM15</subfield>
    <subfield code="o">RG524.C97(2015)</subfield>
    <subfield code="p">KSN/1014/019/19</subfield>
    <subfield code="r">2022-03-03 00:00:00</subfield>
    <subfield code="t">1</subfield>
    <subfield code="w">2022-03-03</subfield>
    <subfield code="y">BK</subfield>
    <subfield code="z">NMC Ghana Collection</subfield>
  </datafield>
  <datafield tag="952" ind1=" " ind2=" ">
    <subfield code="0">0</subfield>
    <subfield code="1">0</subfield>
    <subfield code="2">lcc</subfield>
    <subfield code="4">0</subfield>
    <subfield code="7">0</subfield>
    <subfield code="a">WIUC-KL</subfield>
    <subfield code="b">WIUC-KL</subfield>
    <subfield code="c">NURS L.</subfield>
    <subfield code="d">2022-02-08</subfield>
    <subfield code="h">NMC/RM15</subfield>
    <subfield code="l">0</subfield>
    <subfield code="o">RG524.C97(2015)</subfield>
    <subfield code="p">KSN/1015/020/22</subfield>
    <subfield code="r">2022-03-17 00:00:00</subfield>
    <subfield code="t">2</subfield>
    <subfield code="w">2022-03-03</subfield>
    <subfield code="y">BK</subfield>
    <subfield code="z">NMC Ghana Collection</subfield>
  </datafield>
  <datafield tag="952" ind1=" " ind2=" ">
    <subfield code="0">0</subfield>
    <subfield code="1">0</subfield>
    <subfield code="2">lcc</subfield>
    <subfield code="4">0</subfield>
    <subfield code="7">0</subfield>
    <subfield code="a">WIUC-KL</subfield>
    <subfield code="b">WIUC-KL</subfield>
    <subfield code="c">NURS L.</subfield>
    <subfield code="d">2022-02-08</subfield>
    <subfield code="h">NMC/RM15</subfield>
    <subfield code="l">0</subfield>
    <subfield code="o">RG524.C97(2015)</subfield>
    <subfield code="p">KSN/1016/021/22</subfield>
    <subfield code="r">2022-03-17 00:00:00</subfield>
    <subfield code="t">3</subfield>
    <subfield code="w">2022-03-03</subfield>
    <subfield code="y">BK</subfield>
    <subfield code="z">NMC Ghana Collection</subfield>
  </datafield>
</record>
